Géoéconomie revue trimestrielle

Na minha lista:
Detalhes bibliográficos
Formato: Periódico
Idioma:francês
Publicado em: Paris Centre National du Livre et le soutien de l'Institut Européen de Géoéconomie 2005
Assuntos:
Tags: Adicionar Tag
Sem tags, seja o primeiro a adicionar uma tag!

MARC

LEADER 00000nas2a2200000 4500
001 0089402
005 20090115111123.8
022 |a 1284-9340 
041 0 |a fre 
044 |a FR 
245 1 0 |a Géoéconomie  |b revue trimestrielle 
264 1 |a Paris  |b Centre National du Livre et le soutien de l'Institut Européen de Géoéconomie  |c 2005 
773 0 |w eu_un_cat*s122017 
610 2 0 |a ekonómia 
610 2 0 |a hospodárstvo národné